| 000 | 00338nam a2200109Ia 4500 | ||
|---|---|---|---|
| 008 | 220214s9999 xx 000 0 und d | ||
| 100 | _aHeusser C | ||
| 245 | 0 | _aTapping tests and bast examination of hevea-plants from selected seed (AVROS Rubberserie No. 32) | |
| 260 |
_bArchief voor de Rubbercultuur _c1921 |
||
| 300 | _a31p | ||
| 942 | _cRE | ||
| 999 |
_c46190 _d46190 |
||